Petre versus the Corporation of Blackburn (Record no. 114662)

MARC details
000 -LEADER
fixed length control field 00636cam a22001935a 4500
001 - CONTROL NUMBER
control field L157231
008 - FIXED-LENGTH DATA ELEMENTS--GENERAL INFORMATION
fixed length control field 121002s1874 xxk f 000 0 eng d
035 ## - SYSTEM CONTROL NUMBER
System control number (Sirsi) u157231
041 0# - LANGUAGE CODE
Language code of text/sound track or separate title eng
245 00 - TITLE STATEMENT
Title Petre versus the Corporation of Blackburn
Remainder of title minutes of proceedings
260 ## - PUBLICATION, DISTRIBUTION, ETC.
Place of publication, distribution, etc. [S.l.]
Name of publisher, distributor, etc. [s.n.]
Date of publication, distribution, etc. 1874
300 ## - PHYSICAL DESCRIPTION
Extent 2 v.
Dimensions 33 cm.
520 ## - SUMMARY, ETC.
Summary, etc. Minutes of an arbitration held at the Mitre Hotel, Manchester in January 1874
583 ## - ACTION NOTE
Action Condition reviewed
Time/date of action 20121002
Status condition level 4 and 2
650 24 - SUBJECT ADDED ENTRY--TOPICAL TERM
Topical term or geographic name entry element BLACKBURN CORPORATION IMPROVEMENT ACT 1870
651 #4 - SUBJECT ADDED ENTRY--GEOGRAPHIC NAME
Geographic name England
690 ## - LOCAL SUBJECT ADDED ENTRY--TOPICAL TERM (OCLC, RLIN)
Topical term or geographic name as entry element Dispute resolution
9 (RLIN) 6236
942 ## - ADDED ENTRY ELEMENTS (KOHA)
Suppress in OPAC 0
Holdings
Withdrawn status Lost status Source of classification or shelving scheme Damaged status Not for loan Home library Current library Shelving location Date acquired Total Checkouts Full call number Barcode Date last seen Copy number Price effective from Koha item type
    Dewey Decimal Classification     Historic collection Historic collection Historic collection 02/10/2012   FOLIO 1874 PETRE VOL. 1 30077073 06/08/2019 1 06/08/2019 Book
    Dewey Decimal Classification     Historic collection Historic collection Historic collection 02/10/2012   FOLIO 1874 PETRE VOL. 2 30077050 06/08/2019 1 06/08/2019 Book